Najpopularniejsze nazwy miejscowości w Polsce - Statystyki

Ogólne statystyki
  • Ten quiz został rozwiązany 37 razy
  • Średni wynik to 4 z 20
Statystyki odpowiedzi
# Nazwa miejscowości Liczba wystąpień % Poprawnych
4 Nowa Wieś 366
80%
1 Stara Wieś 588
77%
8 Dąbrowa 258
43%
6 Góra 295
37%
5 Kolonia 315
27%
16 Janów 47
23%
7 Dół 259
17%
13 Józefów 61
13%
2 Podlesie 434
10%
18 Stanisławów 44
10%
11 Zalesie 122
10%
12 Dąbrówka 84
7%
10 Folwark 239
7%
9 Górki 250
7%
17 Ruda 44
7%
3 Piaski 373
3%
15 Borki 47
0%
20 Dębina 42
0%
14 Kamionka 51
0%
19 Wygoda 43
0%
Nie znaleziono quizów pasujących do podanych kryteriów
Rozkład punktacji
Procent ludzi z każdym wynikiem
Percentyl według liczby udzielonych odpowiedzi
Twoja historia wyników
Nie rozwiązałeś tego quizu